[Event "eytcc"]
[Site "?"]
[Date "2017.08.17"]
[Round "1.26"]
[White "Nowak, Kamil"]
[Black "Whatley, Stephen A J"]
[Result "1/2-1/2"]
[BlackElo "2172"]
[WhiteElo "2318"]
[LiveChessVersion "1.4.4"]

1. e4 {[%clk 1:30:57]} d6 {[%clk 1:30:43]} 2. d4 {[%clk 1:30:30]} Nf6
{[%clk 1:30:54]} 3. Nc3 {[%clk 1:30:27]} g6 {[%clk 1:31:00]} 4. Nf3
{[%clk 1:29:11]} Bg7 {[%clk 1:31:05]} 5. Be2 {[%clk 1:29:05]} O-O
{[%clk 1:27:00]} 6. O-O {[%clk 1:29:30]} Na6 {[%clk 1:24:48]} 7. Bxa6
{[%clk 0:56:15]} bxa6 {[%clk 1:25:05]} 8. Qe2 {[%clk 0:55:44]} Nd7
{[%clk 1:11:46]} 9. Be3 {[%clk 0:49:37]} Bb7 {[%clk 1:04:15]} 10. Rad1
{[%clk 0:48:56]} Qc8 {[%clk 1:00:32]} 11. Qd2 {[%clk 0:44:52]} Nf6
{[%clk 0:38:30]} 12. Qd3 {[%clk 0:42:59]} h6 {[%clk 0:26:04]} 13. Rfe1
{[%clk 0:41:37]} Ng4 {[%clk 0:24:47]} 14. Bf4 {[%clk 0:39:59]} f5
{[%clk 0:24:47]} 15. e5 {[%clk 0:37:05]} g5 {[%clk 0:21:31]} 16. Bc1
{[%clk 0:36:08]} dxe5 {[%clk 0:20:24]} 17. Nxe5 {[%clk 0:33:46]} Nxe5
{[%clk 0:20:52]} 18. dxe5 {[%clk 0:33:53]} f4 {[%clk 0:18:02]} 19. Nd5
{[%clk 0:29:57]} Bxd5 {[%clk 0:16:53]} 20. Qxd5+ {[%clk 0:30:26]} e6
{[%clk 0:16:02]} 21. Qc6 {[%clk 0:30:32]} Rf7 {[%clk 0:14:11]} 22. b3
{[%clk 0:26:46]} Rb8 {[%clk 0:10:18]} 23. Bb2 {[%clk 0:25:07]} Rb6
{[%clk 0:10:24]} 24. Qc4 {[%clk 0:25:10]} Rd7 {[%clk 0:10:26]} 25. Bd4
{[%clk 0:25:18]} Qd8 {[%clk 0:09:27]} 26. Rd3 {[%clk 0:25:26]} Rb5
{[%clk 0:05:27]} 27. Qxe6+ {[%clk 0:25:39]} Kh8 {[%clk 0:05:48]} 28. Red1
{[%clk 0:25:02]} Rbd5 {[%clk 0:05:30]} 29. Bxa7 {[%clk 0:17:35]} Rxd3
{[%clk 0:05:22]} 30. Rxd3 {[%clk 0:17:48]} Rxd3 {[%clk 0:05:20]} 31. cxd3
{[%clk 0:18:17]} Qxd3 {[%clk 0:05:25]} 32. h3 {[%clk 0:18:20]} f3
{[%clk 0:01:55]} 33. gxf3 {[%clk 0:14:46]} Qxf3 {[%clk 0:01:17]} 34. Be3
{[%clk 0:15:00]} Qe4 {[%clk 0:01:03]} 35. Qc8+ {[%clk 0:13:17]} Kh7
{[%clk 0:01:26]} 36. Qxc7 {[%clk 0:13:38]} Qb1+ {[%clk 0:00:41]} 37. Qc1
{[%clk 0:12:39]} Qxc1+ {[%clk 0:01:04]} 38. Bxc1 {[%clk 0:13:07]} Bxe5
{[%clk 0:01:33]} 39. Kg2 {[%clk 0:11:45]} Kg6 {[%clk 0:01:27]} 40. Kf3
{[%clk 0:41:31]} Kf5 {[%clk 0:31:08]} 41. Be3 {[%clk 0:39:42]} h5
{[%clk 0:20:18]} 42. b4 {[%clk 0:37:47]} g4+ {[%clk 0:19:42]} 43. Kg2
{[%clk 0:36:56]} Ke4 {[%clk 0:14:33]} 44. a4 {[%clk 0:36:45]} Kd5
{[%clk 0:11:55]} 45. b5 {[%clk 0:36:58]} axb5 {[%clk 0:10:03]} 46. axb5
{[%clk 0:37:26]} Ke4 {[%clk 0:05:16]} 47. b6 {[%clk 0:36:31]} Bd6
{[%clk 0:02:29]} 48. h4 {[%clk 0:35:44]} Be5 {[%clk 0:02:05]} 49. Bg5
{[%clk 0:35:53]} Kd5 {[%clk 0:02:06]} 50. Bd8 {[%clk 0:36:00]} Kc6
{[%clk 0:02:18]} 51. f3 {[%clk 0:32:56]} gxf3+ {[%clk 0:01:27]} 52. Kxf3
{[%clk 0:33:25]} Kd7 {[%clk 0:01:17]} 53. Ke4 {[%clk 0:33:54]} Bg3
{[%clk 0:01:01]} 54. Kf3 {[%clk 0:31:26]} Bd6 {[%clk 0:00:56]} 55. Bg5
{[%clk 0:31:30]} Kc6 {[%clk 0:01:14]} 56. Be3 {[%clk 0:31:51]} Be7
{[%clk 0:01:25]} 57. Kg3 {[%clk 0:31:59]} Kb7 {[%clk 0:01:26]} 58. Bf2
{[%clk 0:32:10]} Kc6 {[%clk 0:01:49]} 59. Kf4 {[%clk 0:32:38]} Bxh4
{[%clk 0:02:12]} 60. Bxh4 {[%clk 0:33:04]} Kxb6 {[%clk 0:02:37]} 1/2-1/2

[Event "eytcc"]
[Site "?"]
[Date "2017.08.17"]
[Round "1.27"]
[White "Kalavannan, Koby"]
[Black "Gumularz, Szymon"]
[Result "1-0"]
[BlackElo "2342"]
[WhiteElo "2201"]
[LiveChessVersion "1.4.4"]

1. d4 {[%clk 1:30:54]} f5 {[%clk 1:30:27]} 2. g3 {[%clk 1:31:06]} Nf6
{[%clk 1:30:44]} 3. Bg2 {[%clk 1:31:23]} g6 {[%clk 1:31:07]} 4. Nh3
{[%clk 1:30:31]} Bg7 {[%clk 1:31:32]} 5. Nf4 {[%clk 1:30:32]} Nc6
{[%clk 1:28:47]} 6. c4 {[%clk 1:20:20]} e5 {[%clk 1:21:13]} 7. dxe5
{[%clk 1:17:02]} Nxe5 {[%clk 1:21:35]} 8. Qc2 {[%clk 0:57:02]} d6
{[%clk 1:19:09]} 9. Nc3 {[%clk 0:53:36]} c6 {[%clk 1:16:30]} 10. b3
{[%clk 0:51:33]} O-O {[%clk 1:13:10]} 11. O-O {[%clk 0:48:52]} Qe7
{[%clk 1:07:27]} 12. Ba3 {[%clk 0:44:11]} g5 {[%clk 0:53:46]} 13. Nh3
{[%clk 0:42:42]} h6 {[%clk 0:49:09]} 14. Rad1 {[%clk 0:42:34]} Nf7
{[%clk 0:47:53]} 15. f3 {[%clk 0:32:43]} Bd7 {[%clk 0:23:22]} 16. Nf2
{[%clk 0:29:21]} Rad8 {[%clk 0:18:56]} 17. Rfe1 {[%clk 0:25:17]} f4
{[%clk 0:16:47]} 18. gxf4 {[%clk 0:22:12]} gxf4 {[%clk 0:16:35]} 19. Qd2
{[%clk 0:21:51]} Nh5 {[%clk 0:13:51]} 20. Nce4 {[%clk 0:21:16]} Bf5
{[%clk 0:03:21]} 21. Nxd6 {[%clk 0:16:22]} Nxd6 {[%clk 0:02:48]} 22. Bxd6
{[%clk 0:16:51]} Qh4 {[%clk 0:02:00]} 23. Qa5 {[%clk 0:13:49]} b6
{[%clk 0:01:50]} 24. Qxa7 {[%clk 0:11:23]} Rf7 {[%clk 0:00:54]} 25. Qxb6
{[%clk 0:10:37]} Bf6 {[%clk 0:00:55]} 26. Qxc6 {[%clk 0:06:02]} Bc3
{[%clk 0:00:55]} 27. Rf1 {[%clk 0:05:19]} Kh7 {[%clk 0:00:50]} 28. Ng4
{[%clk 0:04:54]} Rg8 {[%clk 0:00:56]} 29. Be7 {[%clk 0:04:11]} Nf6
{[%clk 0:00:59]} 30. Bxf6 {[%clk 0:03:14]} Bxf6 {[%clk 0:01:19]} 31. Qd5
{[%clk 0:03:20]} Qh5 {[%clk 0:00:58]} 32. h3 {[%clk 0:03:03]} Rg5
{[%clk 0:00:48]} 33. Qd6 {[%clk 0:03:04]} Qg6 {[%clk 0:00:48]} 34. Qxf4
{[%clk 0:02:40]} Bg7 {[%clk 0:01:03]} 35. Rd6 {[%clk 0:01:50]} Bxg4
{[%clk 0:01:08]} 36. Rxg6 {[%clk 0:02:16]} Rxf4 {[%clk 0:01:08]} 37. Rxg5
{[%clk 0:02:42]} Bd4+ {[%clk 0:01:27]} 38. Kh1 {[%clk 0:02:49]} hxg5
{[%clk 0:01:54]} 39. fxg4 {[%clk 0:03:00]} 1-0

[Event "eytcc"]
[Site "?"]
[Date "2017.08.17"]
[Round "1.28"]
[White "Kosakowski, Jakub"]
[Black "Varney, Zoe"]
[Result "1-0"]
[BlackElo "2005"]
[WhiteElo "2363"]
[LiveChessVersion "1.4.4"]

1. e4 {[%clk 1:30:55]} e5 {[%clk 1:30:52]} 2. Nf3 {[%clk 1:31:11]} Nc6
{[%clk 1:31:10]} 3. Bb5 {[%clk 1:31:26]} Nf6 {[%clk 1:31:26]} 4. d3
{[%clk 1:31:10]} d6 {[%clk 1:31:29]} 5. O-O {[%clk 1:31:03]} g6 {[%clk 1:30:37]}
6. d4 {[%clk 1:31:14]} exd4 {[%clk 1:26:29]} 7. e5 {[%clk 1:31:18]} dxe5
{[%clk 1:19:58]} 8. Nxe5 {[%clk 1:31:33]} Bd7 {[%clk 1:15:32]} 9. Bxc6
{[%clk 1:27:37]} Bxc6 {[%clk 1:12:45]} 10. Re1 {[%clk 1:26:54]} Be7
{[%clk 1:10:33]} 11. Bh6 {[%clk 1:22:01]} Rg8 {[%clk 1:00:47]} 12. Bg5
{[%clk 1:01:03]} Qd6 {[%clk 0:50:18]} 13. Nxc6 {[%clk 0:53:18]} bxc6
{[%clk 0:46:44]} 14. Nd2 {[%clk 0:53:27]} O-O-O {[%clk 0:40:01]} 15. Qe2
{[%clk 0:49:23]} Rge8 {[%clk 0:31:03]} 16. Qa6+ {[%clk 0:49:01]} Kb8
{[%clk 0:28:31]} 17. Nc4 {[%clk 0:48:54]} Qc5 {[%clk 0:09:24]} 18. Na5
{[%clk 0:48:42]} Qb6 {[%clk 0:08:16]} 19. Nxc6+ {[%clk 0:48:57]} Ka8
{[%clk 0:08:34]} 20. Qxb6 {[%clk 0:49:20]} axb6 {[%clk 0:08:08]} 21. Nxd8
{[%clk 0:49:32]} Bxd8 {[%clk 0:05:33]} 22. Rxe8 {[%clk 0:49:45]} Nxe8
{[%clk 0:05:59]} 23. Bxd8 {[%clk 0:49:36]} Kb7 {[%clk 0:06:25]} 24. Re1
{[%clk 0:49:00]} Nd6 {[%clk 0:06:44]} 25. Bf6 {[%clk 0:49:03]} c5
{[%clk 0:07:04]} 26. Re7+ {[%clk 0:49:14]} Kc6 {[%clk 0:07:28]} 27. Be5
{[%clk 0:49:33]} Nc4 {[%clk 0:07:32]} 28. b3 {[%clk 0:49:48]} Na3
{[%clk 0:07:40]} 29. c4 {[%clk 0:50:00]} b5 {[%clk 0:07:18]} 30. cxb5+
{[%clk 0:49:30]} Nxb5 {[%clk 0:07:29]} 31. Kf1 {[%clk 0:49:40]} Nc3
{[%clk 0:07:07]} 32. a4 {[%clk 0:49:24]} Nd5 {[%clk 0:06:29]} 33. Rxf7
{[%clk 0:49:36]} Nc3 {[%clk 0:05:54]} 34. b4 {[%clk 0:49:38]} Kd5
{[%clk 0:05:26]} 35. bxc5 {[%clk 0:49:07]} Kxe5 {[%clk 0:05:22]} 36. c6
{[%clk 0:49:24]} Ke6 {[%clk 0:05:01]} 37. c7 {[%clk 0:49:41]} Kxf7
{[%clk 0:05:27]} 38. c8=Q {[%clk 0:50:05]} Kf6 {[%clk 0:05:42]} 39. Qh8+
{[%clk 0:50:25]} 1-0

[Event "eytcc"]
[Site "?"]
[Date "2017.08.17"]
[Round "1.29"]
[White "Ozer, Omer Faruk"]
[Black "Chukavin, Kirill"]
[Result "0-1"]
[BlackElo "2159"]
[WhiteElo "2411"]
[LiveChessVersion "1.4.4"]

1. e4 {[%clk 1:30:52]} c5 {[%clk 1:30:48]} 2. Nf3 {[%clk 1:31:14]} e6
{[%clk 1:31:11]} 3. d4 {[%clk 1:31:38]} cxd4 {[%clk 1:31:29]} 4. Nxd4
{[%clk 1:31:59]} Nf6 {[%clk 1:31:52]} 5. Nc3 {[%clk 1:32:03]} d6 {[%clk 1:32:10]}
6. g3 {[%clk 1:31:11]} Be7 {[%clk 1:32:21]} 7. Bg2 {[%clk 1:31:26]} O-O
{[%clk 1:32:32]} 8. O-O {[%clk 1:31:43]} Nc6 {[%clk 1:32:41]} 9. Re1
{[%clk 1:29:06]} Bd7 {[%clk 1:27:54]} 10. a4 {[%clk 1:20:47]} a6 {[%clk 1:19:01]}
11. Nxc6 {[%clk 1:13:02]} Bxc6 {[%clk 1:18:12]} 12. a5 {[%clk 1:09:37]} Rc8
{[%clk 1:11:37]} 13. Be3 {[%clk 1:07:29]} Nd7 {[%clk 1:03:38]} 14. f4
{[%clk 0:58:17]} Qc7 {[%clk 1:00:26]} 15. Qd2 {[%clk 0:58:04]} Rfe8
{[%clk 0:42:37]} 16. h3 {[%clk 0:54:21]} g6 {[%clk 0:36:13]} 17. g4
{[%clk 0:40:07]} Bf8 {[%clk 0:25:16]} 18. Bf2 {[%clk 0:37:11]} Red8
{[%clk 0:16:10]} 19. Bh4 {[%clk 0:25:24]} Re8 {[%clk 0:15:42]} 20. Kh1
{[%clk 0:25:30]} b5 {[%clk 0:13:53]} 21. axb6 {[%clk 0:20:22]} Qxb6
{[%clk 0:11:54]} 22. Rab1 {[%clk 0:19:57]} a5 {[%clk 0:07:28]} 23. Rf1
{[%clk 0:17:05]} Qb7 {[%clk 0:04:50]} 24. f5 {[%clk 0:09:01]} Nc5
{[%clk 0:04:29]} 25. fxg6 {[%clk 0:06:54]} hxg6 {[%clk 0:03:56]} 26. Rfe1
{[%clk 0:01:06]} Rc7 {[%clk 0:03:36]} 27. Bg3 {[%clk 0:00:45]} Rd7
{[%clk 0:03:42]} 28. Qe2 {[%clk 0:00:35]} Bg7 {[%clk 0:03:16]} 29. h4
{[%clk 0:00:53]} Rb8 {[%clk 0:01:54]} 30. Nd1 {[%clk 0:01:05]} Qa8
{[%clk 0:01:31]} 31. h5 {[%clk 0:01:13]} Rb4 {[%clk 0:01:21]} 32. Nf2
{[%clk 0:01:03]} Rxb2 {[%clk 0:01:07]} 33. Rxb2 {[%clk 0:01:28]} Bxb2
{[%clk 0:01:35]} 34. Qe3 {[%clk 0:01:53]} Bg7 {[%clk 0:00:41]} 35. hxg6 fxg6 36.
Qg5 {[%clk 0:01:15]} Kh7 {[%clk 0:00:33]} 37. Bf3 {[%clk 0:00:45]} Bc3
{[%clk 0:00:35]} 38. Rd1 {[%clk 0:01:02]} Nxe4 {[%clk 0:00:43]} 39. Bxe4
{[%clk 0:00:38]} Bxe4+ {[%clk 0:01:12]} 40. Kg1 {[%clk 0:31:00]} Bd5
{[%clk 0:30:40]} 41. Rd3 {[%clk 0:31:14]} Bg7 {[%clk 0:28:15]} 42. Bf4
{[%clk 0:31:12]} Qe8 {[%clk 0:24:10]} 43. Bd2 {[%clk 0:24:52]} Rc7
{[%clk 0:21:15]} 44. Bxa5 {[%clk 0:16:17]} Rxc2 {[%clk 0:21:00]} 45. Bb4
{[%clk 0:16:38]} Qf8 {[%clk 0:17:21]} 46. Bd2 {[%clk 0:10:18]} Ra2
{[%clk 0:16:36]} 47. Bf4 {[%clk 0:08:18]} Ra4 {[%clk 0:12:23]} 48. Bg3
{[%clk 0:01:02]} Ra1+ {[%clk 0:12:28]} 49. Kh2 {[%clk 0:01:16]} Bf6
{[%clk 0:11:26]} 50. Qe3 {[%clk 0:00:33]} Kg7 {[%clk 0:11:30]} 51. Bf4
{[%clk 0:00:37]} g5 {[%clk 0:10:49]} 0-1

[Event "eytcc"]
[Site "?"]
[Date "2017.08.17"]
[Round "1.30"]
[White "Garanin, Aleksei"]
[Black "Gokerkan, Cem Kaan"]
[Result "0-1"]
[BlackElo "2357"]
[WhiteElo "2192"]
[LiveChessVersion "1.4.4"]

1. e4 {[%clk 1:30:57]} c5 {[%clk 1:30:54]} 2. Nf3 {[%clk 1:31:23]} d6
{[%clk 1:31:20]} 3. d4 {[%clk 1:31:48]} cxd4 {[%clk 1:31:47]} 4. Nxd4
{[%clk 1:32:13]} Nf6 {[%clk 1:32:12]} 5. Nc3 a6 {[%clk 1:32:36]} 6. Be3
{[%clk 1:33:05]} e5 {[%clk 1:30:20]} 7. Nb3 {[%clk 1:33:27]} Be6 {[%clk 1:30:47]}
8. f3 {[%clk 1:33:50]} Nbd7 {[%clk 1:31:13]} 9. Qd2 {[%clk 1:34:05]} b5
{[%clk 1:31:39]} 10. a4 {[%clk 1:29:36]} b4 {[%clk 1:29:00]} 11. Nd5
{[%clk 1:29:26]} Bxd5 {[%clk 1:29:26]} 12. exd5 {[%clk 1:29:51]} Nb6
{[%clk 1:29:38]} 13. Bxb6 {[%clk 1:29:47]} Qxb6 {[%clk 1:30:00]} 14. a5 Qb7
{[%clk 1:01:55]} 15. Bc4 {[%clk 1:26:53]} Be7 {[%clk 1:01:51]} 16. O-O
{[%clk 1:22:36]} O-O {[%clk 1:02:12]} 17. Ra4 {[%clk 1:05:02]} Rfb8
{[%clk 1:00:16]} 18. Nc1 {[%clk 0:54:29]} Bd8 {[%clk 0:49:05]} 19. Kh1
{[%clk 0:44:15]} Nd7 {[%clk 0:33:14]} 20. Nd3 {[%clk 0:37:57]} Qc8
{[%clk 0:33:32]} 21. b3 {[%clk 0:27:49]} Nc5 {[%clk 0:33:31]} 22. Rxb4
{[%clk 0:22:18]} Bxa5 {[%clk 0:33:49]} 23. Rxb8 {[%clk 0:22:44]} Bxd2
{[%clk 0:34:14]} 24. Rxc8+ {[%clk 0:23:11]} Rxc8 {[%clk 0:34:43]} 25. Rd1
{[%clk 0:22:37]} Ba5 {[%clk 0:25:44]} 26. Nc1 {[%clk 0:16:53]} Bb6
{[%clk 0:24:40]} 27. Na2 {[%clk 0:14:13]} a5 {[%clk 0:23:34]} 28. Nc3
{[%clk 0:14:05]} f5 {[%clk 0:23:55]} 29. Nb5 {[%clk 0:12:56]} Rd8
{[%clk 0:22:37]} 30. c3 {[%clk 0:12:45]} Nb7 {[%clk 0:20:21]} 31. g3
{[%clk 0:12:18]} Kf7 {[%clk 0:20:32]} 32. Kg2 {[%clk 0:12:08]} g6
{[%clk 0:19:58]} 33. Kf1 {[%clk 0:11:50]} Rc8 {[%clk 0:19:56]} 34. Ra1
{[%clk 0:11:42]} Ke7 {[%clk 0:20:07]} 35. Ke2 {[%clk 0:11:21]} Nc5
{[%clk 0:18:22]} 36. b4 {[%clk 0:06:36]} axb4 {[%clk 0:18:12]} 37. cxb4
{[%clk 0:07:03]} Ne4 {[%clk 0:15:47]} 38. Kd3 {[%clk 0:05:42]} Nf2+
{[%clk 0:07:12]} 39. Kc3 {[%clk 0:05:56]} e4 {[%clk 0:07:25]} 40. Nd4
{[%clk 0:33:26]} Bxd4+ {[%clk 0:34:17]} 41. Kxd4 {[%clk 0:33:55]} exf3
{[%clk 0:34:46]} 42. Rf1 {[%clk 0:18:53]} Ne4 {[%clk 0:34:40]} 43. Bd3
{[%clk 0:15:52]} Rb8 {[%clk 0:33:20]} 44. b5 {[%clk 0:14:55]} Ra8
{[%clk 0:33:04]} 45. b6 {[%clk 0:12:02]} Ra4+ {[%clk 0:32:27]} 46. Ke3
{[%clk 0:11:44]} Nc3 {[%clk 0:31:08]} 47. Kd2 {[%clk 0:09:52]} Ne4+
{[%clk 0:30:43]} 48. Bxe4 {[%clk 0:06:22]} Rxe4 {[%clk 0:30:39]} 49. Rxf3
{[%clk 0:05:16]} Rb4 {[%clk 0:29:35]} 50. Rc3 {[%clk 0:04:36]} Rxb6
{[%clk 0:29:23]} 51. Rc7+ {[%clk 0:04:19]} Kf6 {[%clk 0:29:52]} 52. Rxh7
{[%clk 0:04:34]} Rb5 {[%clk 0:30:21]} 53. Ke3 {[%clk 0:04:36]} Rxd5
{[%clk 0:30:49]} 54. h4 {[%clk 0:04:31]} Re5+ {[%clk 0:28:48]} 55. Kf3
{[%clk 0:04:45]} Re7 {[%clk 0:27:01]} 56. Rh8 {[%clk 0:05:09]} Ke5
{[%clk 0:15:57]} 57. Rg8 {[%clk 0:04:19]} Re6 {[%clk 0:16:11]} 58. Ke3
{[%clk 0:04:29]} d5 {[%clk 0:14:52]} 59. Rd8 {[%clk 0:04:12]} Ra6
{[%clk 0:12:54]} 60. Re8+ {[%clk 0:04:11]} Kd6 {[%clk 0:13:14]} 61. Rd8+
{[%clk 0:03:29]} Kc5 {[%clk 0:13:36]} 62. Rc8+ {[%clk 0:03:40]} Rc6
{[%clk 0:13:53]} 63. Re8 {[%clk 0:03:10]} Kc4 {[%clk 0:14:08]} 64. Re7
{[%clk 0:01:46]} Kc3 {[%clk 0:14:14]} 65. Rd7 {[%clk 0:02:11]} d4+
{[%clk 0:14:21]} 66. Ke2 {[%clk 0:02:35]} Re6+ {[%clk 0:14:42]} 67. Kd1
{[%clk 0:02:59]} Re3 {[%clk 0:14:51]} 68. Rc7+ {[%clk 0:02:45]} Kd3
{[%clk 0:15:13]} 69. Ra7 {[%clk 0:02:50]} Re6 {[%clk 0:14:15]} 70. Ra5
{[%clk 0:01:58]} Ke4 {[%clk 0:13:49]} 71. Rb5 {[%clk 0:01:39]} Ra6
{[%clk 0:13:53]} 72. Rb3 {[%clk 0:01:16]} Ra1+ {[%clk 0:13:53]} 73. Kd2
{[%clk 0:01:26]} Ra2+ {[%clk 0:13:46]} 74. Kd1 {[%clk 0:01:40]} Rg2
{[%clk 0:13:47]} 75. Ra3 {[%clk 0:00:54]} d3 {[%clk 0:14:07]} 76. Ra8
{[%clk 0:01:10]} Rxg3 {[%clk 0:14:31]} 77. Rg8 {[%clk 0:01:11]} Rg1+
{[%clk 0:14:25]} 78. Kd2 {[%clk 0:01:37]} Rg2+ {[%clk 0:14:52]} 79. Kd1
{[%clk 0:02:01]} Ke3 {[%clk 0:15:00]} 80. Re8+ {[%clk 0:02:27]} Kf4
{[%clk 0:15:25]} 81. Rh8 {[%clk 0:02:30]} Kf3 {[%clk 0:14:51]} 82. Rd8
{[%clk 0:02:14]} Kg4 {[%clk 0:14:43]} 83. Rd4+ {[%clk 0:02:17]} Kh5
{[%clk 0:15:05]} 0-1

[Event "eytcc"]
[Site "?"]
[Date "2017.08.17"]
[Round "1.31"]
[White "Ozen, Deniz"]
[Black "Lumiste, Rene"]
[Result "1-0"]
[BlackElo "2130"]
[WhiteElo "2380"]
[LiveChessVersion "1.4.4"]

1. e4 c6 2. d4 d5 3. Nc3 dxe4 4. Nxe4 Bf5 5. Ng3 Bg6 6. N1e2 e6 7. Nf4 Bd6 8. h4
Qc7 9. Nxg6 hxg6 10. Ne4 Bf4 11. Qf3 Bxc1 12. Rxc1 Nd7 13. Qa3 Qf4 14. Nd6+ Kd8
15. Rd1 Kc7 16. Nc4 Ngf6 17. Be2 Rxh4 18. Rxh4 Qxh4 19. Qd6+ Kd8 20. Bf3 Ne4 21.
Bxe4 Qxe4+ 22. Ne3 g5 23. Ke2 Qf4 24. Qxf4 gxf4 25. Nc4 Ke7 26. Na5 Rc8 27. b4 b6
28. Nb3 g5 29. c4 g4 30. Rh1 c5 31. dxc5 bxc5 32. b5 Ne5 33. Na5 Kd6 34. Rh5 Rc7
35. a4 f5 36. Rh8 f3+ 37. gxf3 Nxf3 38. Nc6 Nd4+ 39. Nxd4 cxd4 40. Kd3 e5 41.
Rd8+ Rd7 42. c5+ Ke6 43. Rg8 e4+ 44. Kd2 Kd5 45. c6 Re7 46. Rd8+ Kc5 47. Rf8 Kb4
48. Rxf5 g3 49. fxg3 e3+ 50. Ke1 d3 51. Rd5 Kc4 52. Rd7 Re8 53. c7 Rc8 54. a5 Kc3
55. b6 Rh8 56. c8=Q+ Rxc8 57. Rc7+ Rxc7 58. bxc7 d2+ 59. Ke2 1-0

[Event "eytcc"]
[Site "?"]
[Date "2017.08.17"]
[Round "1.32"]
[White "Pedoson, Georg Aleksander"]
[Black "Tuncer, Tuna"]
[Result "0-1"]
[BlackElo "2291"]
[WhiteElo "2036"]
[LiveChessVersion "1.4.4"]

1. d4 {[%clk 1:30:57]} Nf6 {[%clk 1:30:44]} 2. c4 {[%clk 1:31:12]} g6
{[%clk 1:30:56]} 3. Nc3 {[%clk 1:31:25]} d5 {[%clk 1:31:16]} 4. Nf3
{[%clk 1:31:26]} Bg7 {[%clk 1:31:20]} 5. Bg5 {[%clk 1:31:22]} Ne4
{[%clk 1:30:57]} 6. Bf4 {[%clk 1:31:28]} Nxc3 {[%clk 1:30:45]} 7. bxc3
{[%clk 1:31:51]} c5 {[%clk 1:28:58]} 8. e3 {[%clk 1:30:29]} O-O {[%clk 1:28:38]}
9. cxd5 {[%clk 1:29:46]} cxd4 {[%clk 1:28:54]} 10. cxd4 {[%clk 1:29:51]} Qxd5
{[%clk 1:29:12]} 11. Be2 {[%clk 1:29:20]} Nc6 {[%clk 1:17:14]} 12. O-O
{[%clk 1:26:57]} Bf5 {[%clk 1:09:25]} 13. Qa4 {[%clk 1:23:30]} Qa5
{[%clk 1:08:30]} 14. Qxa5 {[%clk 1:20:45]} Nxa5 {[%clk 1:08:52]} 15. Nd2
{[%clk 1:11:49]} Rac8 {[%clk 0:56:37]} 16. Rfc1 {[%clk 1:06:52]} Be6
{[%clk 0:38:17]} 17. h3 {[%clk 0:52:33]} Bd5 {[%clk 0:34:23]} 18. Bf3
{[%clk 0:43:29]} Bxf3 {[%clk 0:33:06]} 19. Nxf3 {[%clk 0:43:54]} b6
{[%clk 0:30:54]} 20. Kf1 {[%clk 0:36:57]} f6 {[%clk 0:27:46]} 21. Bc7
{[%clk 0:29:18]} Kf7 {[%clk 0:23:30]} 22. Rc3 {[%clk 0:25:44]} Ke6
{[%clk 0:22:22]} 23. Rac1 {[%clk 0:24:46]} Kd7 {[%clk 0:22:37]} 24. Ke2
{[%clk 0:23:12]} Nb7 {[%clk 0:20:12]} 25. a4 {[%clk 0:20:17]} Nd6
{[%clk 0:18:16]} 26. d5 {[%clk 0:15:48]} Ne4 {[%clk 0:14:11]} 27. Rc6
{[%clk 0:15:40]} Nc5 {[%clk 0:14:03]} 28. Bh2 {[%clk 0:12:02]} Rxc6
{[%clk 0:13:50]} 29. dxc6+ {[%clk 0:12:31]} Kxc6 {[%clk 0:14:13]} 30. Nd4+
{[%clk 0:12:12]} Kb7 {[%clk 0:13:51]} 31. a5 {[%clk 0:11:55]} Rd8
{[%clk 0:10:54]} 32. Nb5 {[%clk 0:09:37]} Rd7 {[%clk 0:08:12]} 33. f4
{[%clk 0:07:10]} f5 {[%clk 0:06:55]} 34. Bg3 {[%clk 0:07:18]} Nb3
{[%clk 0:06:27]} 35. Rc2 {[%clk 0:06:43]} Nxa5 {[%clk 0:06:33]} 36. Be1
{[%clk 0:06:35]} Nc6 {[%clk 0:05:58]} 37. g4 {[%clk 0:05:58]} a6 {[%clk 0:05:41]}
38. Nc3 {[%clk 0:06:23]} Bxc3 {[%clk 0:04:49]} 39. Bxc3 {[%clk 0:06:44]} b5
{[%clk 0:04:56]} 40. Rc1 {[%clk 0:36:56]} b4 {[%clk 0:33:26]} 41. Bd2
{[%clk 0:37:11]} Kb6 {[%clk 0:32:50]} 42. Kd1 {[%clk 0:36:17]} Na5
{[%clk 0:32:24]} 43. Rb1 {[%clk 0:35:46]} Nc4 {[%clk 0:32:47]} 0-1

[Event "eytcc"]
[Site "?"]
[Date "2017.08.17"]
[Round "1.33"]
[White "Jakab, Bela"]
[Black "Matviishen, Viktor"]
[Result "1/2-1/2"]
[BlackElo "2433"]
[WhiteElo "2195"]
[LiveChessVersion "1.4.4"]

1. e4 {[%clk 1:30:58]} c5 {[%clk 1:30:53]} 2. Nf3 {[%clk 1:31:22]} d6
{[%clk 1:31:18]} 3. c3 {[%clk 1:31:47]} Nf6 {[%clk 1:31:42]} 4. d3
{[%clk 1:31:48]} Nc6 {[%clk 1:32:01]} 5. Be2 {[%clk 1:31:48]} g6 {[%clk 1:32:19]}
6. O-O {[%clk 1:31:48]} Bg7 {[%clk 1:32:45]} 7. Bg5 {[%clk 1:31:36]} h6
{[%clk 1:33:01]} 8. Bh4 {[%clk 1:30:50]} Nh5 {[%clk 1:32:51]} 9. Nbd2
{[%clk 1:26:40]} g5 {[%clk 1:32:56]} 10. Bg3 {[%clk 1:27:03]} O-O
{[%clk 1:32:03]} 11. Nc4 {[%clk 1:23:34]} Nxg3 {[%clk 1:31:49]} 12. hxg3
{[%clk 1:21:59]} e6 {[%clk 1:29:41]} 13. Ne3 {[%clk 1:19:38]} d5 {[%clk 1:24:33]}
14. Nc2 {[%clk 1:04:31]} b6 {[%clk 1:20:19]} 15. Nh2 {[%clk 0:59:43]} f5
{[%clk 1:13:13]} 16. exf5 {[%clk 0:52:44]} exf5 {[%clk 1:13:32]} 17. d4
{[%clk 0:51:53]} Be6 {[%clk 1:13:08]} 18. Re1 {[%clk 0:50:47]} Qd6
{[%clk 1:07:55]} 19. Bb5 {[%clk 0:47:54]} g4 {[%clk 0:53:32]} 20. Qd2
{[%clk 0:40:59]} a6 {[%clk 0:48:58]} 21. Bxc6 {[%clk 0:39:32]} Qxc6
{[%clk 0:49:26]} 22. Re3 {[%clk 0:37:01]} Rae8 {[%clk 0:47:14]} 23. Rae1
{[%clk 0:36:41]} Bf7 {[%clk 0:41:50]} 24. Nf1 {[%clk 0:34:51]} a5
{[%clk 0:31:29]} 25. Rxe8 {[%clk 0:32:11]} Rxe8 {[%clk 0:31:54]} 26. Rxe8+
{[%clk 0:31:44]} Qxe8 {[%clk 0:32:02]} 27. Qf4 {[%clk 0:28:51]} Qe4
{[%clk 0:30:51]} 28. Qxe4 {[%clk 0:25:18]} fxe4 {[%clk 0:26:24]} 29. Nd2
{[%clk 0:20:40]} a4 {[%clk 0:25:19]} 30. b3 {[%clk 0:19:27]} axb3
{[%clk 0:25:36]} 31. axb3 {[%clk 0:19:11]} Kf8 {[%clk 0:23:01]} 32. b4
{[%clk 0:17:01]} Ke7 {[%clk 0:22:10]} 33. Nb3 {[%clk 0:15:54]} cxb4
{[%clk 0:19:32]} 34. Nxb4 {[%clk 0:16:13]} Kd6 {[%clk 0:18:18]} 35. Kf1
{[%clk 0:16:25]} Be8 {[%clk 0:17:30]} 36. Ke1 {[%clk 0:13:02]} h5
{[%clk 0:14:03]} 37. Nd2 {[%clk 0:11:28]} Bb5 1/2-1/2